[Event "35th Cannes FIJ Open 2022"]
[Site "Cannes"]
[Date "2022.02.22"]
[Round "2.2"]
[White "Klimkowski, Jan"]
[Black "Meshkovs, Nikita"]
[Result "0-1"]
[WhiteElo "2350"]
[BlackElo "2559"]
[Annotator "TA"]
[PlyCount "111"]
[EventDate "2022.02.21"]
[EventType "swiss"]
[EventCountry "FRA"]
[SourceTitle "playchess.com"]
[Source "ChessBase"]
[SourceQuality "1"]

{[%evp 13,111,2,13,0,0,0,3,0,0,0,0,0,6,2,19,14,11,5,19,4,2,0,6,-12,-13,-34,-44,-56,-53,-62,-48,-57,-45,-43,-48,-41,-41,-63,-50,-60,-59,-58,-29,-20,-18,-18,-8,-11,-1,-63,-63,-63,-65,-63,-65,-79,-76,-79,-73,-70,-75,-101,-50,-102,-103,-95,-85,-85,-98,-90,-93,-374,-366,-341,-331,-262,-351,-388,-318,-390,-368,-368,-342,-447,-386,-656,-570,-600,-453,-1177,-1197,-1215,-1214,-1197,-1197,-1197,-1189,-29969,-29968,-29989]} 1. d4 Nf6 2. c4 e6 3. g3 d5 4. Nf3 Bb4+ 5. Bd2 Be7 6. Bg2 O-O 7. O-O Nbd7 {[%cal Bb8d7,Bd7b6,Bb6d5][%mdl 32]} 8. Bf4 {E11: Bogo-Indian.} dxc4 9. Qc2 Nd5 10. Qxc4 {The position is equal.} Nxf4 11. gxf4 Nb6 12. Qc2 Nd5 13. e3 c6 14. Nc3 f6 {[#]} 15. Rac1 $146 ({Predecessor:} 15. a3 Qe8 16. Nd2 Qh5 17. Qd1 Qh6 18. Nde4 f5 19. Nxd5 exd5 20. Nc5 b6 21. Nd3 Ba6 22. Rc1 Rf6 23. Ne5 Kh8 24. Rxc6 Bxf1 25. Nf7+ Rxf7 26. Rxh6 gxh6 {1-0 (25) Martinez Rodriguez,P (2296)-Acosta Mira,J Malaga 2001}) 15... Kh8 16. Rfd1 Bd7 17. Nd2 Rc8 18. Nb3 b6 19. Kh1 Bd6 20. Qe2 Bb8 21. Qh5 Qe7 22. Rg1 g6 23. Qh6 Qg7 24. Qxg7+ Kxg7 {[%cal Bh8g7,Bg7f7,Bf7e7][%mdl 32]} 25. Rc2 Kf7 26. Rgc1 Ke7 27. a3 g5 28. fxg5 fxg5 29. Kg1 g4 30. Nd2 $1 h5 31. Nc4 (31. b4 $1 $11) 31... Nxc3 $1 $15 32. Rxc3 c5 33. dxc5 Rxc5 34. Nd2 Rxc3 {Black is more active.} 35. Rxc3 Be5 36. Rc2 Rd8 37. f4 gxf3 (37... Bb8 $1 $17 38. Nc4 Ba4) 38. Nxf3 {[#]} ({White should try} 38. Bxf3 $15 h4 39. Bg4) 38... Ba4 $1 $17 {A strong pair of Bishops.} 39. Rc4 {[#]} b5 $1 40. Rxa4 {[#]} (40. Rb4 Rd1+) 40... Bxh2+ $1 41. Kxh2 bxa4 42. Ne5 $2 {[%mdl 8192] This move loses the game for White.} (42. Nd4 $17 {only move.} Kf6 43. Kh3) 42... Rd2 $19 43. Kg3 Rxb2 44. Bc6 Rb3 45. Nc4 {[#]} a6 $1 ({Weaker is} 45... Rc3 46. Bb5 $17) 46. Bf3 Rc3 47. Be2 Kd7 48. Kf4 Kc6 {Inhibits Nb6.} 49. Ke4 $2 (49. Ne5+ Kc7 50. Bxa6) 49... Kc5 50. Ne5 h4 {[%cal Bh5h4,Bh4h3][%mdl 32]} 51. Bg4 (51. Nd7+ $142 Kd6 52. Ne5) 51... Rxa3 52. Bxe6 Ra1 53. Nd3+ Kd6 54. Nf4 a3 55. Kd3 h3 56. Kd4 {Weighted Error Value: White=0.55/Black=0.08 (flawless)} 0-1

[Event "35th Cannes FIJ Open 2022"]
[Site "Cannes"]
[Date "2022.02.22"]
[Round "2.3"]
[White "Valsecchi, Alessio"]
[Black "Roebers, Eline"]
[Result "1/2-1/2"]
[WhiteElo "2524"]
[BlackElo "2341"]
[Annotator "TA"]
[PlyCount "35"]
[EventDate "2022.02.21"]
[EventType "swiss"]
[EventCountry "FRA"]
[SourceTitle "playchess.com"]
[Source "ChessBase"]
[SourceQuality "1"]

{[%evp 9,35,0,0,-9,-5,-15,-13,-43,-37,-54,-52,-71,-40,-52,-53,-78,-98,-90,-92,-80,-91,-80,-65,-125,-119,-126,-116,-119]} 1. d4 d5 2. c4 c6 3. Nf3 Nf6 4. Nbd2 Bf5 5. Nh4 Be4 6. f3 {D11: Slav Defence: 3 Nf3 sidelines and 3...Nf6 4 e3 Bg4.} Bg6 7. e3 e6 {[%cal Be7e6,Be6f5][%mdl 32]} 8. Qb3 {The position is equal.} Qc7 9. f4 {[#]} c5 $146 ({Predecessor:} 9... Be4 10. Be2 Nbd7 11. O-O h6 12. Nhf3 Bh7 13. Ne5 Ne4 14. Bh5 g6 15. Nxe4 dxe4 {1-0 (44) Lagarde,M (2651)-Migot,T (2353) Europe Echecs INT 2020}) 10. f5 exf5 {And now ...cxd4 would win.} 11. cxd5 (11. Nxg6 hxg6 12. cxd5 Nbd7 $17) 11... cxd4 12. Ndf3 dxe3 13. Bxe3 Nbd7 ({Reject} 13... Qa5+ 14. Bd2 Qd8 15. Qxb7 $11 (15. Nxg6 hxg6 16. Qxb7 Nbd7 $11)) 14. Rc1 Qa5+ 15. Bd2 Qb6 ({Don't play} 15... Qxd5 16. Bc4 Qe4+ 17. Kd1 $16) 16. Bb5 {[#]} (16. Qxb6 $15 axb6 17. Be2) 16... Bd6 $1 $17 ({Don't do} 16... Ne4 17. Bxd7+ Kxd7 18. Nxg6 fxg6 19. Ne5+ Kd8 20. Nf7+ Kd7 21. Qxb6 axb6 22. Nxh8 $16) 17. Be3 Qa5+ 18. Bd2 {Weighted Error Value: White=0.11 (very precise) /Black=0.03 (flawless)} 1/2-1/2

[Event "35th Cannes FIJ Open 2022"]
[Site "Cannes"]
[Date "2022.02.22"]
[Round "2.4"]
[White "Mathieu, Phileas"]
[Black "Krzyzanowski, Marcin"]
[Result "1/2-1/2"]
[WhiteElo "2323"]
[BlackElo "2523"]
[Annotator "TA"]
[PlyCount "136"]
[EventDate "2022.02.21"]
[EventType "swiss"]
[EventCountry "FRA"]
[SourceTitle "playchess.com"]
[Source "ChessBase"]
[SourceQuality "1"]

{[%evp 13,136,54,71,63,78,52,59,40,36,29,53,26,30,23,22,24,46,18,16,4,14,8,15,11,18,0,0,0,0,0,5,0,0,0,0,-1,0,0,0,-5,0,-12,0,-18,2,0,19,20,16,17,20,0,0,0,7,0,0,0,0,0,0,0,0,0,0,0,0,0,0,0,0,0,0,0,0,0,0,0,0,0,0,0,0,0,0,-37,0,-15,-20,-15,-16,-16,-16,-16,-16,-16,-16,-16,-16,-16,-16,-15,-8,-12,0,0,0,0,0,0,0,0,0,-29,-27,-27,0,0,0,0,0,0,0,0,0]} 1. e4 g6 2. d4 Bg7 3. Nc3 c6 4. Nf3 d5 5. h3 Nh6 6. Bf4 dxe4 7. Nxe4 Nf5 {[%cal Rf5d4]} 8. c3 {White is much more active. B15: Caro-Kann: 3 Nc3: 3...g6 and 3...dxe4 4 Nxe4 Nf6 5 Nxf6+ exf6.} O-O 9. Qd2 Nd6 10. Bd3 {White is slightly better.} Nxe4 11. Bxe4 Nd7 12. O-O c5 13. Bh6 Nf6 14. Bc2 (14. Bxg7 {seems wilder.} Kxg7 15. Qe2 cxd4 16. Rad1 e5 17. cxd4 exd4 18. Rxd4 Qe7 19. Re1) 14... cxd4 (14... b6 {looks sharper.} 15. dxc5 bxc5 16. Ne5 Qxd2 17. Bxd2 Nd5) 15. Bxg7 (15. cxd4 Bxh6 16. Qxh6 Bd7 $11) (15. Nxd4 {with more complications.} Bxh6 16. Qxh6 Qb6 17. Rab1 e5 18. Nf3) 15... Kxg7 16. Qxd4 Qxd4 17. Nxd4 Bd7 18. Rfe1 {[#]} Rfe8 $146 ({Predecessor:} 18... e6 19. Rad1 Rfd8 20. Re2 Kf8 21. f3 Rac8 22. Kf2 h5 23. h4 Ke7 24. Bb3 Rc5 {½-½ (52) Delanoy,A (2184)-Rychagov,M (2525) Saint Vincent 2001}) 19. a4 Rac8 20. Re5 a6 21. Bd1 Rc7 22. Bf3 Bc8 23. Rae1 Kf8 24. R5e3 Nd7 25. b3 e5 26. c4 f6 27. Nc2 Nc5 28. Nb4 Be6 29. a5 Rce7 30. Nd5 Bxd5 31. Bxd5 e4 32. Rb1 f5 33. b4 {[%cal Bb3b4,Bb4b5][%mdl 32]} Nd3 34. b5 f4 35. Re2 e3 36. fxe3 fxe3 37. bxa6 bxa6 38. g3 Kg7 39. Kg2 Nc5 40. h4 Rf8 41. Rb6 Kh6 42. Rb1 (42. Rc6 $2 Nb3 43. Re6 (43. Rxa6 $2 Nd4 $19) 43... Rxe6 44. Bxe6 Nd4 45. Rxe3 Re8 $19) 42... Rf6 43. Rb6 Rf8 44. Rb1 ({Wrong is} 44. Rc6 $2 Nb3 45. Re6 (45. Rxa6 $2 Nd4 $19) 45... Rxe6 46. Bxe6 Nd4 47. Rxe3 Re8 $19) 44... Re5 45. Rb6 Rfe8 46. Rb1 ({Don't play} 46. Rc6 Nb3 47. Rxa6 Nd4 $15) 46... Nd3 47. Rd1 Nb4 48. Kf3 Kg7 49. Rde1 {[%cal Re2e3]} Nd3 50. Rd1 Rf8+ 51. Kg2 Rf2+ 52. Rxf2 Nxf2 $11 {[%mdl 4096] Endgame KRB-KRN} 53. Re1 {[#] Hoping for Kf3.} Nd3 54. Re2 Nc1 55. Re1 Nb3 56. Kf3 e2 57. Kf4 Re8 {White must now prevent ...Nd4.} 58. c5 Nd4 59. Bc4 h6 {[%cal Og6g5] [#] aiming for ...g5+!} 60. Bxa6 g5+ 61. hxg5 hxg5+ 62. Kg4 {[%cal Oa6e2]} Re4+ 63. Kh5 {[%cal Oc5c6]} ({Don't blunder} 63. Kxg5 $2 Nf3+ 64. Kf5 Re5+ 65. Kf4 Nxe1 $19) (63. Kh3 $5 {[%cal Rc5c6]}) 63... Kf6 {( -> ...Nf5)} 64. Bxe2 Nf5 (64... Rxe2 $2 65. Rxe2 Nxe2 66. a6 Nxg3+ 67. Kg4 $18) 65. Rf1 {The position is equal.} Rxe2 66. a6 Re7 67. c6 Rf7 68. Rf2 Re7 {Weighted Error Value: White=0.05 (flawless) /Black=0.04 (flawless)} 1/2-1/2

[Event "35th Cannes FIJ Open 2022"]
[Site "Cannes"]
[Date "2022.02.22"]
[Round "2.5"]
[White "Bellahcene, Bilel"]
[Black "Rodriguez, Adrien"]
[Result "1-0"]
[WhiteElo "2509"]
[BlackElo "2306"]
[Annotator "TA"]
[PlyCount "166"]
[EventDate "2022.02.21"]
[EventType "swiss"]
[EventCountry "FRA"]
[SourceTitle "playchess.com"]
[Source "ChessBase"]
[SourceQuality "1"]

{[%evp 9,166,0,0,-19,6,6,6,0,6,12,12,0,10,-13,0,0,-19,-18,0,-16,-6,-12,-8,-30,31,0,41,-8,27,22,28,15,8,20,32,25,34,17,54,27,51,31,79,32,69,63,76,28,41,0,14,14,52,45,44,58,109,110,193,192,222,225,252,251,246,239,241,206,306,168,268,303,307,0,0,0,0,0,0,0,0,0,0,0,0,0,0,0,0,0,0,0,0,0,0,0,82,82,82,82,82,82,82,82,351,354,308,195,219,198,662,647,1019,1783,1032,561,1439,1343,5820,4778,6079,6054,5189,5297,1872,613,592,592,708,700,673,651,641,651,750,714,1340,1384,1320,1351,1323,1283,1275,1262,1043,1000,962,964,2860,2757,3286,2350,29977,29978,29978,29979,29978,29979,1935]} 1. e4 {[%cal Be2e4,Be4e5][%mdl 32]} c6 2. d4 d5 3. e5 Bf5 4. g4 Be4 5. f3 Bg6 6. e6 {B12: Caro-Kann: Advance Variation.} Qd6 7. exf7+ Bxf7 8. Nc3 $1 {[%mdl 4] The position is equal. is currently scoring better than 8.f4.} Nd7 9. f4 {Inhibits e5.} e6 10. Nf3 {[#]} Ne7 $146 ({Predecessor:} 10... Qc7 11. Bd3 Bd6 12. Ng5 h5 13. Bd2 Nf8 14. Rf1 hxg4 15. Qxg4 Bh5 16. Qg2 Ne7 {1-0 (60) Grandelius,N (2662)-Keymer,V (2630) Riga 2021}) 11. Bh3 h5 12. g5 Bg6 13. O-O Bf5 14. Bxf5 Nxf5 15. Qd3 g6 16. Ne2 Bg7 ({Better is} 16... h4 $1 $11) 17. Bd2 Kf7 (17... h4 $11 {is more appropriate.}) 18. a4 (18. Ng3 $14) 18... Rhc8 19. Ng3 Kg8 20. Rfe1 c5 {[%cal Rf5d4]} 21. c3 c4 22. Qe2 Rc6 23. a5 Rf8 24. Kg2 Rf7 25. Qd1 Kh7 (25... Ne7 $14 {is superior.}) 26. Qc2 ({White should play} 26. b4 $16) 26... Qb8 27. Nxf5 (27. b4 {looks sharper.} cxb3 28. Qxb3 Ne7 29. Rab1 b6 30. Qc2) 27... exf5 28. Re2 (28. b3 $16) 28... Qd8 $11 29. Rae1 (29. b4 $14 {was preferrable.}) 29... Nf8 30. Qa4 Qd7 31. b3 cxb3 $1 32. Qxb3 Rc4 (32... Ne6 $14) 33. Re5 $16 {White is more active.} Qd8 (33... a6 $16) 34. Qb5 $1 $18 Bxe5 35. Nxe5 Rcc7 36. Nxf7 Rxf7 37. Re5 Rd7 38. Bc1 a6 {[#]} (38... Re7 {was worth a try.} 39. Rxd5 (39. Qxd5 Qxd5+ 40. Rxd5 Re2+ 41. Kf1 Rxh2 $16) 39... Qc7) 39. Qb4 (39. Qe2 $142 $1) 39... Kg7 (39... Rg7 {keeps fighting.}) 40. Ba3 Kf7 41. Kf3 $2 (41. Qb1 $18) 41... Ne6 $1 $11 42. h4 Qc7 43. Ke3 Qc6 44. Kd2 Qc8 45. Ke3 Qc6 46. Qb3 Qb5 47. Qxb5 {The board is on fire.} axb5 {[%mdl 4096] Endgame KRB-KRN} 48. Bc5 Nd8 {...Nc6 is the strong threat.} 49. Kd3 Nc6 {[%csl LRa5,LRe5]} 50. Re1 Nxa5 51. Ra1 Nc6 52. Rb1 Nd8 (52... Na5 $11 {remains equal.}) 53. Rxb5 $16 Ne6 54. Ke3 Nd8 55. Rb6 {And now Rf6+ would win.} Nc6 56. Kd3 Na5 $2 {[%mdl 8192] A mistake that costs the game.} (56... Ke8 $16) 57. Rf6+ $18 Kg7 58. Bf8+ Kh7 {[#]} 59. Bd6 $1 Nc6 (59... Nc4) 60. Be5 Nd8 61. Rf8 {[%csl Ge5][%cal Rf8h8]} Nf7 {Inhibits Rh8+.} 62. Rc8 {Black must now prevent Bf6.} Re7 63. Bf6 Rd7 64. Kc2 Rd6 65. Rc7 {[%csl LRb7,LRf7]} Kg8 66. Rxb7 Ra6 67. Rb5 (67. Rb8+ $142 Kh7 68. Rf8 Ra2+ 69. Kb3) 67... Nd6 68. Rxd5 Ne4 69. Rd8+ Kf7 70. Be5 Ra2+ 71. Kb3 Rh2 72. Rd7+ Ke6 73. Rc7 {aiming for c4.} Nd2+ 74. Kb4 {Threatens to win with c4.} Kd5 75. c4+ Ke4 76. d5 {[%cal Bd4d5,Bd5d6,Bd6d7][%mdl 32]} Nf3 77. Bc3 Kxf4 78. d6 {Hoping for d7.} Ne5 79. Bxe5+ Kxe5 80. Kc5 {White threatens Re7+ and mate.} f4 81. Re7+ {White mates.} Kf5 82. d7 Rd2 83. Kc6 Kg4 {Weighted Error Value: White=0.17 (very precise) /Black=0.36} 1-0

[Event "35th Cannes FIJ Open 2022"]
[Site "Cannes"]
[Date "2022.02.22"]
[Round "2.6"]
[White "Gertosio, Franck"]
[Black "Maurizzi, Marc Andria"]
[Result "0-1"]
[WhiteElo "2303"]
[BlackElo "2502"]
[Annotator "TA"]
[PlyCount "54"]
[EventDate "2022.02.21"]
[EventType "swiss"]
[EventCountry "FRA"]
[SourceTitle "playchess.com"]
[Source "ChessBase"]
[SourceQuality "1"]

{[%evp 17,54,24,26,0,9,0,-20,-24,-11,-10,58,0,0,0,0,0,0,0,0,-27,-8,-94,-79,-65,-25,-44,0,0,0,-244,-230,-246,-240,-411,-415,-409,-409,-427,-423]} 1. e4 c5 2. Nf3 Nc6 3. d4 cxd4 4. Nxd4 Nf6 5. Nc3 e5 6. Ndb5 d6 7. Nd5 Nxd5 8. exd5 Ne7 {[%cal Bc6e7,Be7g6,Bg6h4,Bh4f5,Bf5d6][%mdl 32]} 9. c4 Ng6 10. h4 {[%cal Bh2h4,Bh4h5][%mdl 32] B33: Sicilian: Pelikan and Sveshnikov Variations.} (10. Qa4 $5 {[%cal Rb5c7]} Bd7 11. Qb4 $11) 10... a6 {[#]} 11. h5 $1 Nh4 12. Nc3 {[%cal Oh5h6,Bb5c3,Bc3e4,Be4c5][%mdl 32] The position is equal.} Be7 $1 13. c5 {[#]} Bd7 $146 (13... O-O $11) ({Predecessor:} 13... O-O 14. c6 Nf5 15. g3 Nd4 16. Bg2 Bf5 17. h6 g6 18. g4 Bc8 19. Be3 f5 {0-1 (39) Gubajdullin,A (2442)-Haznedaroglu,K (2395) Moscow 2004}) 14. cxd6 ({Better is} 14. h6 $14) 14... Bxd6 $11 15. Ne4 Nf5 16. Bd2 {[%cal Bc1d2,Bd2c3,Bc3b4][%mdl 32] To avoid Qa5. g4 is the strong threat.} Be7 17. Bc3 {[%cal Oh5h6]} Nd6 18. Qf3 O-O 19. Bd3 (19. Bxe5 $11 Nxe4 20. Qxe4) 19... f5 $17 20. Nc5 Bf6 {White must now prevent ...e4.} (20... e4 $5 {[%cal Re4f3]} 21. Qg3 Rf7 $15) 21. O-O $1 Rc8 (21... Qe7 $15 22. Be2 (22. Nxd7 Qxd7 23. Be2 e4 $15) 22... e4 23. Bxf6 Rxf6) 22. Bb4 $1 $11 e4 23. Qg3 (23. Qf4 $1 $11 {and White stays safe.} Nf7 {[#]} 24. Ne6 $1 (24. Nxb7 $2 Qb6 $19) (24. Nxd7 Qxd7 25. Bxf8 Bxb2 $11)) 23... f4 $1 $19 ({And not} 23... exd3 24. Qxd6 Rf7 25. Rad1 $14 (25. Nxd3 Bb5 $15) (25. Nxb7 Qc7 $11)) 24. Qxf4 Be7 25. Qe5 (25. Qe3 {was worth a try.} Nf5 26. Qxe4 Bxc5 27. Bxc5 Rxc5 28. Qf4) 25... Rf5 {[%mdl 64] Skewer} ({Avoid the trap} 25... exd3 $2 26. Nxb7 Nxb7 27. Bxe7 $19) 26. Qg3 exd3 27. h6 {[%csl Gh6][%cal Rg3g7]} Rg5 {Weighted Error Value: White=0.41/Black=0.11 (very precise)} 0-1

[Event "35th Cannes FIJ Open 2022"]
[Site "Cannes"]
[Date "2022.02.22"]
[Round "2.7"]
[White "Nikolov, Momchil"]
[Black "Seemann, Jakub"]
[Result "1/2-1/2"]
[WhiteElo "2501"]
[BlackElo "2298"]
[Annotator "TA"]
[PlyCount "90"]
[EventDate "2022.02.21"]
[EventType "swiss"]
[EventCountry "FRA"]
[SourceTitle "playchess.com"]
[Source "ChessBase"]
[SourceQuality "1"]

{[%evp 24,90,62,-3,129,120,141,139,132,110,160,160,176,134,140,124,129,110,109,86,122,122,97,83,84,67,122,123,118,90,73,60,86,87,107,114,308,306,488,8,37,-337,0,0,311,295,370,329,431,411,397,282,231,217,218,0,0,0,228,251,224,262,240,239,234,0,0,0,169]} 1. d4 Nf6 2. c4 g6 3. Nc3 Bg7 4. e4 d6 5. Nf3 O-O 6. Be2 e5 7. Be3 Ng4 8. Bg5 f6 9. Bh4 Nc6 10. d5 Ne7 11. Nd2 h5 12. h3 Nh6 13. g4 ({White should try} 13. Rc1 $14) 13... c6 {E92: King's Indian: Classical: 6 Be2 e5: 7 dxe5, 7 Be3 and Petrosian System without 7...Nbd7.} (13... g5 $1 $11 {keeps the balance.} 14. Bg3 h4) 14. gxh5 $16 g5 15. Bg3 f5 {[#] White is clearly better.} 16. f3 $146 {[%cal Bf2f3,Bf3e4][%mdl 32]} ({Predecessor:} 16. exf5 cxd5 17. cxd5 Nexf5 18. Nde4 Nxg3 19. fxg3 Nf5 20. Qd2 Bh6 21. g4 Nd4 22. O-O-O {1-0 (34) Volkov,S (2582)-Socko,M (2417) Bydgoszcz 2000}) 16... fxe4 (16... Kh8 $142) 17. fxe4 b5 18. cxb5 (18. dxc6 $18 Nxc6 19. Nb3 (19. cxb5 Nd4 $14) (19. Nxb5 a6 $16)) 18... cxd5 19. Nxd5 Nxd5 20. Bc4 {[%mdl 64] Pin} (20. exd5 $6 Nf5 21. Bf2 Nd4 $11) 20... Bb7 {[%cal Og8h8]} 21. Qb3 (21. Bxd5+ Bxd5 22. exd5 e4 $17) (21. exd5 e4 22. Nxe4 Re8 $15) 21... Rc8 {[%cal Oc8c4]} 22. Bxd5+ Bxd5 23. Qxd5+ (23. exd5 e4 24. Nxe4 (24. b6 $2 axb6 25. Nxe4 Qe7 $19) 24... Re8 $17) 23... Kh8 24. Qd3 Qe8 (24... g4 $14) 25. Rd1 (25. Qxd6 $6 Qxb5 26. Qa3 Rfd8 $11) 25... Qxh5 26. Qe2 Qf7 27. b3 {Threatens to win with Nc4.} Rc3 28. Bf2 (28. Rf1 $6 Qd7 29. Rxf8+ Bxf8 $11) 28... Qf4 {[%cal Oc3g3]} 29. Bxa7 (29. Nc4 d5 30. Rxd5 (30. exd5 e4 $17) 30... Rc1+ 31. Rd1 Rxd1+ 32. Kxd1 Qxf2 33. Qxf2 Rxf2 $15) 29... Rf7 $2 (29... d5 $16 30. Bf2 Rg3) 30. Bf2 $1 $18 (30. Qf2 $2 Rxa7 $1 {[%mdl 512]} 31. b6 Qxf2+ 32. Kxf2 Rxa2 $19) 30... Kg8 (30... Rc2 $2 31. O-O Rxa2 32. Be1 Qxf1+ 33. Qxf1 Rxf1+ 34. Kxf1) (30... g4 $142) 31. Nc4 $2 (31. O-O $1 $18) 31... Rf3 $11 {[%cal Rf3f2]} 32. Bb6 {[%mdl 8192]} (32. Rf1 $14 d5 33. Rxd5 (33. exd5 $2 e4 $19) 33... Rxh3 34. Nd2) 32... Bf8 $2 (32... Qg3+ $19 33. Kd2 Rf2 $1 34. Bxf2 Rxf2) 33. Rd5 g4 $2 {[%mdl 8192]} (33... Qc1+ $1 $11 34. Rd1 Qf4) 34. hxg4 $1 $18 (34. Kd1 gxh3 35. Nd2 (35. Nxd6 $2 Rc3 $19) 35... Rg3 $16) 34... Nxg4 35. Rg1 $1 Rg3 36. Rxg3 Qxg3+ 37. Kd2 Rh7 {aiming for ...Rh2.} (37... Nf6 $2 38. Rd3 Qg6 39. Kc2 Nxe4 40. Kb2 $18) 38. Rd3 Qf4+ 39. Kc3 $2 (39. Be3 $18 Qxe4 40. Bg1 Bh6+ 41. Ke1) 39... d5 $1 $36 {[%mdl 2048] White is under pressure.} 40. Rxd5 (40. exd5 $2 Qc1+ 41. Qc2 Bb4+ $1 {[%mdl 512]} 42. Kxb4 Qxc2 $19) 40... Rh3+ $2 (40... Qc1+ $11 41. Kd3 Rh3+ 42. Be3 Qb1+ 43. Kc3 Qa1+ 44. Qb2 Qg1) 41. Rd3 $1 $18 Qc1+ 42. Qc2 Qa1+ 43. Qb2 Qe1+ {[#]} 44. Qd2 $2 (44. Nd2 $1 $18 Bb4+ 45. Kc4 (45. Kxb4 Rxd3 46. Ka3 Rxd2 $19)) 44... Qa1+ $11 45. Qb2 $2 (45. Nb2 $11 Rh2 46. Qg5+ Kh8 {[#]} 47. Bf2 $1 (47. Rd8 {is a self mate.} Qxb2+ 48. Kc4 Qe2+ 49. Kd5 Qxb5+ 50. Ke6 Qxb6+ 51. Kf5 Nh6+ 52. Kxe5 Nf7+ 53. Kf5 Rf2+) 47... Rxf2 48. Rh3+ Nh6 49. Rxh6+ Bxh6 50. Qxh6+ Kg8 51. Qg5+ (51. Qe6+ Kf8 $11) 51... Kf8 52. Qd8+ Kf7 53. Qd5+ Kf6 54. Qd8+ Kf7 55. Qd7+ Kf8 56. Qd8+ Kf7) 45... Qe1+ {Weighted Error Value: White=0.47/Black=0.67} 1/2-1/2

[Event "35th Cannes FIJ Open 2022"]
[Site "Cannes"]
[Date "2022.02.22"]
[Round "2.8"]
[White "Houriez, Clement"]
[Black "Dimitrov, Radoslav"]
[Result "0-1"]
[WhiteElo "2297"]
[BlackElo "2487"]
[Annotator "TA"]
[PlyCount "70"]
[EventDate "2022.02.21"]
[EventType "swiss"]
[EventCountry "FRA"]
[SourceTitle "playchess.com"]
[Source "ChessBase"]
[SourceQuality "1"]

{[%evp 19,70,13,24,16,0,0,25,0,-8,-15,-10,-16,-18,-27,-18,-17,-10,-2,-6,-10,-7,-40,-53,-34,-48,-54,-53,-53,-17,-36,-13,-19,0,-66,-74,-82,-79,-81,-85,-80,-83,-90,-90,-85,-75,-98,-76,-264,-257,-242,-183,-532,-521]} 1. d4 Nf6 2. Nf3 e6 {[%cal Be7e6,Be6e5][%mdl 32]} 3. c4 c5 4. g3 cxd4 5. Nxd4 d5 6. Bg2 e5 7. Nf3 d4 8. O-O Nc6 9. e3 Be7 10. exd4 exd4 11. Re1 {E01: Catalan: Early deviations.} Be6 {[#]} 12. Ne5 $146 ({Predecessor:} 12. b3 O-O 13. Bb2 Bc5 14. a3 a5 15. Nbd2 Qb6 16. Ng5 Bg4 17. Qb1 h6 18. Nge4 Be7 19. Nxf6+ Bxf6 {1-0 (51) Santos Ruiz,M (2585)-Perunovic,M (2589) Moscow 2019}) 12... Rc8 13. Qa4 {[%cal Re5c6] White has an edge.} Qb6 14. Nd2 {[%cal Bb1d2,Bd2f3,Bf3e5][%mdl 32]} O-O 15. Nxc6 bxc6 16. Nf3 Bc5 {White should prevent ...d3.} 17. Ne5 Bf5 18. Qb3 {Prevents d3.} Bb4 19. Rd1 Rfe8 20. Nd3 Bf8 $36 {[%mdl 2048] Hoping for ...Qxb3. Black has some pressure.} 21. Qxb6 axb6 22. Bf3 Nd7 {[#] ...Bxd3 is the strong threat.} 23. Kg2 f6 24. g4 $1 Be6 {[%cal Bf5e6,Be6f7,Bf7g6][%mdl 32]} 25. b3 g5 {Prevents Nf4.} 26. Bd2 (26. h4 $11) 26... Bf7 $1 $15 27. Re1 {[#]} Bg6 $1 28. Rxe8 Rxe8 29. Re1 Ra8 30. Nc1 Ne5 31. Be4 Ba3 {Threatens to win with ...Bxc1. Black is more active.} 32. Bxg6 hxg6 33. Kg3 $2 (33. Ne2 $17) 33... Bxc1 $19 34. Bxc1 Rxa2 {Strongly threatening ...Rc2.} 35. Rd1 $2 (35. f4 {is tougher.} Nd3 36. Rd1 Nxc1 37. Rxc1) 35... Ra1 {Weighted Error Value: White=0.34/Black=0.04 (flawless)} 0-1